00475nam a2200145Ia 4500003000900000008004100009040001600050080001500066100001900081245014300100260004000243300001600283650001400299650001600313IN-BaIIA211028s9999 xx 000 0 eng d cIIA Library a551.7bOLD aOldham, Thomas 0aOn the geological structure of part of the Khasi Hills with observations on the meteorology and enthnology of That districtcThomas Oldham aCalcuttabMittal Publicationsc1854 alxxii, 77p. aGeography aKhasi Hills